La semilla y la cizaña (Record no. 92458)

MARC details
000 -LEADER
campo de control de longitud fija 00747nam a2200205 i 4500
001 - NÚMERO DE CONTROL
campo de control 92458
003 - IDENTIFICADOR DE NÚMERO DE CONTROL
campo de control ES-MaACL
007 - CAMPO FIJO DE DESCRIPCIÓN FÍSICA--INFORMACIÓN GENERAL
campo de control de longitud fija t|
008 - DATOS DE LONGITUD FIJA--INFORMACIÓN GENERAL
campo de control de longitud fija 050308s1980 sp ||||1| spa d
100 1# - ENTRADA PRINCIPAL--NOMBRE DE PERSONA
Nombre de persona Lindbom, Tage.
9 (RLIN) 72379
245 13 - MENCIÓN DEL TÍTULO
Título La semilla y la cizaña
Resto del título : El reino del hombre al término del plazo /
Mención de responsabilidad, etc. Tage Lindbom; prólogo de Roger Pasquier; versión de Alejandro Corniero Fernández-Baños.
260 ## - PUBLICACIÓN, DISTRIBUCIÓN, ETC.
Lugar de publicación, distribución, etc. [Madrid] :
Nombre del editor, distribuidor, etc. Taurus,
Fecha de publicación, distribución, etc. [1980]
300 ## - DESCRIPCIÓN FÍSICA
Extensión 151 p. ;
Dimensiones 21 cm.
490 1# - MENCIÓN DE SERIE
Mención de serie Biblioteca de estudios tradicionales
700 1# - ENTRADA AGREGADA--NOMBRE PERSONAL
Nombre de persona Pasquier, Roger.
9 (RLIN) 89434
700 1# - ENTRADA AGREGADA--NOMBRE PERSONAL
Nombre de persona Corniero Fernández-Baños, Alejandro.
9 (RLIN) 40634
830 0# - PUNTO DE ACCESO ADICIONAL DE SERIE-TÍTULO UNIFORME
Título uniforme Biblioteca de estudios tradicionales
9 (RLIN) 182128
852 ## - LOCALIZACIÓN
Ubicación ES-MaACL
Número de control de estantería L-354
Sublocalización o colección R.101022
Holdings
Estatus retirado Estado de pérdida Estado de daño No para préstamo Biblioteca de origen Biblioteca actual Ubicación en estantería Fecha de adquisición Fuente de adquisición Total de préstamos Signatura topográfica completa Código de barras Visto por última vez Precio de reemplazo Tipo de ítem Koha
        Biblioteca del Ateneo de Madrid Biblioteca del Ateneo de Madrid Depósito 2 17/01/2008     L-354 1096526 23/02/2023 23/02/2023 Libro impreso